| 000 | 00353nam a22001451a 4500 | ||
|---|---|---|---|
| 082 |
_aM1 _bAYY/K |
||
| 100 | _aAyyappa Paniker | ||
| 245 |
_aKerala kavitha 99/ _cby Ayyappa Paniker. |
||
| 260 |
_aKottayam: _bCurrent, _c1999. |
||
| 300 | _a241p. | ||
| 650 | _aPoetry Malayalam | ||
| 650 | _aLiterature Malayalam | ||
| 650 | _aLiterature | ||
| 942 | _cBK | ||
| 999 |
_c176078 _d176078 |
||